zpět

Detail výsledku týmu

U Lucerny ČT, Brno

Datum a čas kvízu

43 Celkem bodů Celkový počet nahraných bodů na tomto kvízu bez doplňovacích otázek.
2. Pořadí na kvízu Konečné umístění týmu na tomto kvízu.

Zaznamenané odpovědi

# Otázka Odpověď Body Výsledky
1. V pondělí odhalil český prezid... C) ze skla 1
2. Polák Andrzej Bargiel je po ce... Mount Everest 1
3. Do televizní reality show Love... o Daru Rolins 0
4. Na jedné technické univerzitě... Ostrava 1
5. Dvěma pilotům formule 1 se min... Carlos Sainz; Charles Leclerc 1
6. Gesto, které vidíme na obrázku... 1C 2A 3B 4D 1
7. Které z uvedených gest má na B... B 1
8. Sheldon Cooper v Teorii velkéh... papír a tapír (ještěr) 0.5
9. Která dvě písmena české dvouru... CH, R 0.5
10. Na výřezu z obrazu francouzské... paroháč (že je mu žena nevěrná) 1